000
00322nam a2200121Ia 4500
008
220214s9999 xx 000 0 und d
100
_a
Derham CJ
245
0
_a
Combined earthquake protection and vibration isolation of structures
260
_b
NR Technology
_c
1985
300
_a
11-Mar
700
_a
Kelly JM
942
_c
RE
999
_c
45734
_d
45734